Julija Šmajda

Bibliographic Details
Format: Article
Language:Ukrainian
PhysicalDescription:Fotogr.
Subjects:

MARC

LEADER 00000nab a2200000 a 4500
001 vtls000760542
003 SK-MaSNL
005 20260318121922.0
008 160401c2001 xo 0 ukr
015 |a SNBRB2001/06-18812 
035 |a CLN000112329 
040 |a SNKBUCL  |b slo  |c SNKBUCL  |e AACR2 
041 0 |a ukr 
044 |a xo  |c SK 
080 |a 396-051  |2 1997 
245 0 0 |a Julija Šmajda 
300 |b Fotogr. 
600 1 7 |a Šmajda, Julija,  |d 1924-2001  |2 snkbucl  |9 151242 
651 7 |a Medzilaborce (Slovensko : okres)  |2 snkbucl  |9 29394 
655 7 |a články z novín a časopisov  |2 snkbucl  |9 267496 
773 0 |t Nove žyttja  |g Roč. 51, č. 11-12 (2001), s. 4 
850 |a Slovenská národná knižnica v Martine 
852 |a SNK  |b KIS3GCP 
958 |a UK 
958 |a SK 
958 |a RBX 
999 |c 3255342  |d 3257272